000 00766nam a22002177a 4500
003 UA-OsUOA
001 37572
007 ta
008 20060329b un ||||| |||| 00| 0 ukr d
100 _aПелих Н.
090 _a79
_bП11
942 _cSA
040 _aUA-OsUOA
_bukr
_cUA-OsUOA
_dUA-OsUOA
245 _aЛікувальна фізкультура. Комплекс лікувально-профілактичних вправ для учнів із ослабленим здоров'ям
300 _aС.7-14
955 _a0
041 _aukr
080 _a79
773 0 _w37571
_tЗдоров'я та фізична культура
_dК.
_d2006
_g8
650 7 _a79 Видовищні мистецтва. Розваги. Ігри. Спорт
_2UDC
999 _c323752
_d323752